000 01358namaa22003251i 4500
005 20260228125526.0
008 260203s1995 ua a|||frm||| 000 0 eng d
040 _aEG-GICUC
_beng
_cEG-GICUC
_dEG-GICUC
_erda
041 0 _aeng
_beng
_bara
049 _aDeposit
097 _aM.Sc
099 _aCai01.13.11.M.Sc.1995.Al.E
100 0 _aAly Abou El Hamd Ahmed,
_epreparation.
245 1 0 _aExperimental investigation of a central swirling jat flow and disk wake /
_cBy Aly Abou El Hamd Ahmed ; Supervised Prof. Dr. A. Mobarak, Dr. Mostafa El Sallak, Dr. Ashraf .S. Sabry
246 1 5 _aدراسة معملية لبحث سريان نفات مدوم مركزي خلف قرص
264 0 _c1995.
300 _a142 pages
_billustrations
_c25 cm. +
336 _2rda content
_atext
337 _2rdamedia
_aUnmediated
338 _2rdacarrier
_avolume
502 _aThesis (M.Sc.)-Cairo University, 1995.
504 _aBibliography: pages 110-113
653 0 _acentral swirling jat flow and disk wake
700 0 _aA. Mobarak
_ethesis advisor.
700 0 _aMostafa El Sallak
_ethesis advisor.
700 0 _aAShraf .S. Sabry
_ethesis advisor.
900 _DDepartment of Mechanical Engineering
_FFaculty of Engineering
_UCairo University
_b1995
_cA. Mobarak
_cMostafa El Sallak
_cAShraf .S. Sabry
905 _aNehad
_eNourhan
942 _2ddc
_cTH
_e21
_n0
999 _c178149